| 000 | 00809nam a22002177a 4500 | ||
|---|---|---|---|
| 003 | OSt | ||
| 005 | 20250527104941.0 | ||
| 008 | 250527b |||a|||| |||| 00| 0 spa d | ||
| 020 | _a9589381170 | ||
| 037 | _bDonación | ||
| 040 |
_aCO-JMCR _cCO-JMCR _bspa _dCO-JMCR _erda |
||
| 041 | 0 | _aspa | |
| 082 | 0 | 4 |
_a327.861 _bE82e _223 |
| 245 | 0 | 0 |
_aEstrategia de Colombia en el Pacífico / _ccoordinación Fidel Duque Ramírez. |
| 250 | _a1a edición. | ||
| 260 |
_aSanta Fe de Bogotá : _bMinisterio de Relaciones Exteriores, Programa de las Naciones Unidas para el Desarrollo, Consejo Colombiano de Cooperación en el Pacífico, _c1996. |
||
| 300 |
_a223 páginas : _bilustraciones ; _c21 cm. |
||
| 500 | _aIncluye índice de siglas (página 218) | ||
| 700 | 1 |
_aDuque Ramírez, Fidel. _944157 |
|
| 942 |
_2ddc _cBK |
||
| 999 |
_c30999 _d17383 |
||